[Event "IV Festival Magistrale"]
[Site "Teramo ITA"]
[Date "2000.04.??"]
[Round "?"]
[White "Luciani, Valerio"]
[Black "Piscopo, Pierluigi"]
[Result "0-1"]
[WhiteElo "2156"]
[BlackElo "2094"]
[PlyCount "76"]
[EventDate "2000.04.28"]

1. e4 c5 2. Nc3 Nc6 3. g3 g6 4. Bg2 Bg7 5. d3 d6 6. Be3 Nd4 7. Qd2 Nf6 8. h3
O-O 9. Nd1 e5 10. c3 Ne6 11. f4 exf4 12. gxf4 d5 13. e5 Nh5 14. d4 cxd4 15.
cxd4 Nhxf4 16. h4 Nxg2+ 17. Qxg2 h5 18. Nf3 Bd7 19. Nc3 Bc6 20. O-O-O b5 21.
Rhg1 b4 22. Ne2 Bd7 23. Ng3 b3 24. Kb1 Qa5 25. a3 Nc7 26. Nxh5 Bf5+ 27. Ka1 Nb5
28. Bc1 Rfc8 29. Bd2 Qa4 30. Bb4 Qxb4 31. Nxg7 Nxa3 32. Nxf5 Nb5 33. Kb1 Qa4
34. Qxg6+ fxg6 35. Rxg6+ Kf8 36. Rf6+ Ke8 37. Ng7+ Kd8 38. Ne6+ Ke7 0-1